LEADER 05401nam 2200721 a 450 001 9910822808403321 005 20200520144314.0 010 $a9786613177001 010 $a9781283177009 010 $a1283177005 010 $a9781118104729 010 $a1118104722 010 $a9781118104736 010 $a1118104730 035 $a(CKB)2550000000040637 035 $a(EBL)697569 035 $a(SSID)ssj0000529397 035 $a(PQKBManifestationID)11342532 035 $a(PQKBTitleCode)TC0000529397 035 $a(PQKBWorkID)10557279 035 $a(PQKB)11620429 035 $a(MiAaPQ)EBC697569 035 $a(OCoLC)739116856 035 $a(PPN)189844086 035 $a(Perlego)2769032 035 $a(EXLCZ)992550000000040637 100 $a20110809d2011 uy 0 101 0 $aeng 135 $aur|n|---||||| 181 $ctxt 182 $cc 183 $acr 200 10$aHandbook of engineering and specialty thermoplastics$hVol. 3$iPolyethers and polyesters /$fSabu Thomas and Visakh P.M 210 $aHoboken N.J. $cWiley$d2011 215 $a1 online resource (564 p.) 225 1 $aWiley-Scrivener ;$vv.64 300 $aDescription based upon print version of record. 311 08$a9780470639269 311 08$a0470639261 320 $aIncludes bibliographical references and index. 327 $aHandbook of Engineering and Specialty Thermoplastics: Polyethers and Polyesters; Contents; List of Contributors; 1. Engineering and Specialty Thermoplastics: Polyethers and Polyesters; 1.1 Introduction; 1.2 Polyesters Synthesis; 1.3 Polyethers; 1.3.1 Aromatic Polyethers; 1.4 Individual Polyethers and Polyesters and Their Application; 1.4.1 Poly (Phenylene Oxide); 1.4.2 Polyether Ether Ketone; 1.4.3 Poly(Ethylene Terephthalate); 1.4.4 Poly(Butylene Terephthalate); 1.4.5 Polyesters Containing Cyclohexanedimethanol Units; 1.4.6. Liquid Crystal Polyesters; 1.4.7 Polylactide 327 $a1.4.8 Thermoplastic Copolyester Elastomers (TPEEs)1.4.9 Polycarbonate (PC); 1.5 New Challenges and Opportunities; References; 2. Poly(phenylene oxide); 2.1 Introduction and History; 2.2 Monomer; 2.3 Polymerization and Mechanism; 2.4 Properties; 2.5 Compounding and Special Additives; 2.6 Processing; 2.7 Applications; 2.8 Environmental Impact and Recycling; 2.9 Recent Developments in Poly Phenylene Oxide Based Blends and Composites and Their Applications; References; 3. Polyether Ether Ketone; 3.1 Introduction and History; 3.2 Polymerization and Fabrication; 3.3 Properties 327 $a3.3.1 Solution Properties3.3.2 Thermal Properties; 3.3.2.1 Melting and Crystallization; 3.3.2.2 Crystallization Kinetics; 3.3.2.3 Spherulites; 3.3.2.4 Decomposition; 3.3.3 Mechanical Properties; 3.3.3.1 Tensile Properties; 3.3.3.2 Fracture Toughness; 3.3.3.3 Tensile Creep; 3.3.3.4 Compressive Properties; 3.3.3.5 Taylor Impact; 3.3.3.6 Tribological Behavior; 3.4 Chemical Properties; 3.5 Environmental Resistance; 3.6 Compounding and Special Additives; 3.7 Processing; 3.8 Applications; 3.9 Environmental Impact and Recycling 327 $a3.10 Recent Developments in PEEK Based Blends and Composites and Their ApplicationsReferences; 4. Poly(ethylene terephthalate); 4.1 Introduction and History; 4.2 Polymerization and Fabrication; 4.2.1 First Step: Prepolymerization; 4.2.2 Second Step: Polycondensation; 4.2.3 Solid-State Polymerization; 4.3 Solid-State Properties; 4.3.1 Mechanical Properties; 4.3.2 Thermal Properties; 4.3.3 Gas Barrier Properties; 4.3.4 Other Physical Properties; 4.4 Chemical Stability; 4.4.1 Solubility and Chemical Resistance of PET; 4.4.2 Hydrolytic Degradation of PET; 4.4.2 Thermal Degradation of PET 327 $a4.4.3 Thermo-oxidative Degradation of PET4.5 Compounding and Special Additives; 4.6 Processing; 4.6.1 Extrusion; 4.6.2 Injection Molding; 4.6.3 Blow Molding; 4.7 Applications; 4.7.1 PET Fibers; 4.7.2 PET Films; 4.7.3 PET Bottles; 4.8 Environmental Impact and Recycling; 4.8.1 Generality about PET Recycling; 4.8.2 Chemical Recycling of PET; 4.8.2.1 Methanolysis; 4.8.2.2 Glycolysis; 4.8.2.3 Hydrolysis; 4.8.2.4 Others methods; 4.8.3 Mechanical Recycling; 4.8.4 Recent Developments in PET Recycling 327 $a4.9 Recent Developments in Poly(ethylene terephthalate) Based Blends and Composites and Their Applications 330 $aThe book summarizes many of the recent technical research accomplishments in the area of engineering polymers, such as oxygen containing main chain polymers (Polyether and Polyesters). The book emphasizes the various aspects of preparation, structure, processing, morphology, properties and applications of engineering polymers. Recent advances in the development and characterization of multi component polymer blends and composites (maco, micro and nano) based on engineering polymers are discussed in detail. The content of the book is unique as there are no books which deal with the recent advan 410 0$aWiley-Scrivener 606 $aPolyethers 606 $aPolyesters 615 0$aPolyethers. 615 0$aPolyesters. 676 $a668.423 676 $a668.4234 700 $aThomas$b Sabu$0851308 701 $aP. M$b Visakh$01612830 801 0$bMiAaPQ 801 1$bMiAaPQ 801 2$bMiAaPQ 906 $aBOOK 912 $a9910822808403321 996 $aHandbook of engineering and specialty thermoplastics$93941816 997 $aUNINA LEADER 02626nam0 22004813i 450 001 LO10089308 005 20251003044207.0 020 $aIT$b81-4098 100 $a19920605d1981 ||||0itac50 ba 101 | $aita 102 $ait 181 1$6z01$ai $bxxxe 182 1$6z01$an 200 1 $aˆIl ‰sindacato nella pubblica amministrazione$ela contrattazione collettiva negli enti pubblici: esperienze e ricerche$fa cura di Franco Ferraresi, Umberto Romagnoli, Tiziano Treu$gricerca condotta da Silvano Belligni ... [et al.] 210 $aRoma$cLavoro$d[1981] 215 $a325 p.$d21 cm. 225 | $aStudi e ricerche$v13 410 0$1001CFI0002853$12001 $aStudi e ricerche$v13 606 $aImpiegati pubblici$xContratti collettivi$2FIR$3CFIC002176$9I 676 $a331.89$9CONTRATTAZIONE COLLETTIVA E VERTENZE SINDACALI$v21 676 $a331.89$9CONTRATTAZIONE COLLETTIVA E VERTENZE SINDACALI$v23 676 $a331.89041$9Contrattazione e controversie collettive in industrie e professioni non dei settori primario, manifatturiero, delle costruzioni$v21 676 $a331.890945$9CONTRATTAZIONE COLLETTIVA E VERTENZE SINDACALI IN ITALIA$v20 676 $a353.001 72$9$v20 696 $aAmministrazione pubblica$aImpiegati$aAccordi collettivi$aContratti collettivi d'impiego$aRapporti collettivi di lavoro$aContratti collettivi di lavoro$aAccordi collettivi di lavoro 699 $aImpiegati pubblici$xAmministrazione pubblica$xImpiegati 699 $aContratti collettivi$yAccordi collettivi 699 $aContratti collettivi$zContratti collettivi d'impiego 699 $aContratti collettivi$yRapporti collettivi di lavoro 699 $aContratti collettivi$yContratti collettivi di lavoro 699 $aContratti collettivi$yAccordi collettivi di lavoro 702 1$aBelligni$b, Silvano$3CFIV002896 702 1$aTreu$b, Tiziano$3CFIV003901 702 1$aFerraresi$b, Franco$3CFIV005909 702 1$aRomagnoli$b, Umberto$f <1935-2022>$3CFIV229884 801 3$aIT$bIT-000000$c19920605 850 $aIT-BN0095 901 $bNAP 01$cPOZZO LIB.$nVi sono collocati fondi di economia, periodici di ingegneria e scienze, periodici di economia e statistica e altri fondi comprendenti documenti di economia pervenuti in dono. 912 $aLO10089308 950 0$aBiblioteca Centralizzata di Ateneo$c1 v.$d 01POZZO LIB.F. SANTI 305$e 0101 0060032065E VMA 1 v. (Precedente collocazione S 302)$fB $h20221107$i20221107 977 $a 01 996 $aSindacato nella Pubblica Amministrazione$9687514 997 $aUNISANNIO